000 00535nam a2200193 4500
001 127520
003 ES-MaACL
005 20250905063048.0
007 t|
008 070214s1976 sp r ||||1| spa d
100 1 _aRisco, Vicente,
_d1884-1963
_997461
245 1 0 _aManual de historia de Galicia /
_cVicente Risco.
250 _a3ยช ed.
260 _aVigo :
_bGalaxia,
_c1976.
300 _a265 p. ;
_c18 cm.
651 4 _aGalicia-
_xHistoria.
_98728
852 _aES-MaACL
_jA-6216
_bR.94928
999 _c127520
_d127520